| 000 | 00519nam a2200157Ia 4500 | ||
|---|---|---|---|
| 008 | 210716s2019 xx 000 0 und d | ||
| 020 | _a9789352138968 | ||
| 041 | _aeng | ||
| 082 | _a005.1332 CLES | ||
| 100 | _aCleary, Stephen. | ||
| 245 |
_aConcurrency in c# cookbook: asynchronous parallel and multithreaded programming. _bAsynchronous parallel and multithreaded programming. |
||
| 250 | _a2 | ||
| 260 |
_aMumbai _bShroff Publishers and Distributors Pvt Ltd _c2019 |
||
| 300 | _axv,234 | ||
| 650 | _aC# Progamming | ||
| 999 |
_c197094 _d197094 |
||